Korea's future and East Asian politics /

Bibliographic Details
Main Author: Kim, Young Jeh
Format: Book
Language:English
Published: Washington, D.C. : University Press of America, [1978]
Subjects:

MARC

Tag First Indicator Second Indicator Subfields
LEADER 00000cam a2200000 a 4500
001 in00000070922
005 20151008061952.0
008 790123s1978 dcub b 00010 eng d
010 |a  77093727  
020 |a 0819104329 
035 |a (OCoLC)04574792 
035 |9 AAJ9240AM 
040 |a TOL  |c TOL  |d TXA  |d UtOrBLW 
043 |a a-kr--- 
049 |a TXAM  |c [1632876] 
090 |a DS916.35  |b .K5 
100 1 |a Kim, Young Jeh. 
245 1 0 |a Korea's future and East Asian politics /  |c Young Jeh Kim. 
264 1 |a Washington, D.C. :  |b University Press of America,  |c [1978] 
264 4 |c ©1978 
300 |a vi, 204 pages :  |b maps ;  |c 22 cm. 
336 |a text  |b txt  |2 rdacontent 
337 |a unmediated  |b n  |2 rdamedia 
338 |a volume  |b nc  |2 rdacarrier 
500 |a Originally presented as the author's thesis, (Ph. D.--University of Tennessee). 
504 |a Bibliography: pages [176]-193. 
651 0 |a Korea  |x Politics and government. 
999 |a MARS 
999 f f |s 780749da-cec8-3989-ba64-1de5fb811038  |i b4faf9f5-3c08-3a8a-bf2e-d4b63702ab3e  |t 0 
952 f f |p ric  |a Texas A&M University  |b Rellis Campus  |c Joint Library Facility  |d Remote Storage  |t 0  |e DS916.35 .K5  |h Library of Congress classification  |i unmediated -- volume  |m A14806102792 
998 f f |a DS916.35 .K5  |t 0  |l Remote Storage